| 000 -CABECERA |
| Longitud fija campo de control |
00636nam a2200217 i 4500 |
| 001 - NÚMERO DE CONTROL |
| Número de control |
991061543024006706 |
| 003 - IDENTIFICADOR DEL NÚMERO DE CONTROL |
| Identificador del número de control |
OSt |
| 005 - FECHA Y HORA DE LA ÚLTIMA TRANSACCIÓN |
| Fecha y hora de la última transacción |
20260324143345.0 |
| 008 - CÓDIGOS DE INFORMACIÓN DE LONGITUD FIJA |
| Códigos de información de longitud fija |
251211s2025 sp r 000 0 spa c |
| 020 ## - NÚMERO INTERNACIONAL NORMALIZADO PARA LIBROS |
| Número Internacional Normalizado para Libros (ISBN) |
9788446057567 |
| 040 ## - FUENTE DE LA CATALOGACIÓN |
| Centro transcriptor |
cdmr |
| 100 1# - PUNTO DE ACCESO PRINCIPAL-NOMBRE DE PERSONA |
| Nombre de persona |
Gómez, Dardo, |
| Término indicativo de función |
autor |
| 245 13 - MENCIÓN DE TÍTULO |
| Título |
Guerra judicial a la verdad : |
| Resto del título |
las SLAPP / |
| Mención de responsabilidad, etc. |
Dardo Gómez Ruiz-Díaz, Francesc Ràfols Sagués |
| 264 #1 - PRODUCCIÓN, PUBLICACIÓN , DISTRIBUCIÓN, FABRICACIÓN Y COPYRIGHT |
| Lugar de producción, publicación, distribución, fabricación |
Tres Cantos, Madrid: |
| Nombre del productor, editor, distribuidor, fabricante |
Ediciones Akal, |
| Fecha de de producción, publicación, distribución, fabricación o copyright |
2024 |
| 300 ## - DESCRIPCIÓN FÍSICA |
| Extensión |
123 pàgines ; |
| Dimensiones |
22 cm |
| 490 1# - MENCIÓN DE SERIE |
| Mención de serie |
A fondo |
| 650 #7 - PUNTO DE ACCESO ADICIONAL DE MATERIA - TÉRMINO DE MATERIA |
| Término de materia o nombre geográfico como elemento inicial |
Llibertat d'expressió |
| 650 #7 - PUNTO DE ACCESO ADICIONAL DE MATERIA - TÉRMINO DE MATERIA |
| Término de materia o nombre geográfico como elemento inicial |
Petició, Dret de |
| 650 #7 - PUNTO DE ACCESO ADICIONAL DE MATERIA - TÉRMINO DE MATERIA |
| Término de materia o nombre geográfico como elemento inicial |
Participació política |
| 942 ## - ENTRADA DE ELEMENTOS AGREGADOS (KOHA) |
| Koha [por defecto] tipo de item |
Monografies |